00881nam a2200241 a 4500001001000000003000500010005001700015008004100032010001100073011001100084040000900095100003000104245015200134260004100286500006000327502007700387650001800464650001300482650001400495650003600509650002400545856007000569000112421CHAP20220329144305.0160315s2016 mx a fsm |||||||spa d a108882 a109854 cCHAP1 aLoaeza Vásquez, Eduardo10aValor nutracéutico y actividad antioxidante de los frutos de siete variedades de género Physalis /h[En línea]cpor Eduardo Loaeza Vásquez. aChapingo, Méx. :bEl autor,c2016. aPara ver el contenido del material haga clic en la liga aTesis (Ing. Agr. Esp. en Fitotecnia) -- UACH. Departamento de Fitotecnia14aAntioxidantes14aFenoles.14aPhysalis.14aRecursos genéticos vegetales.14aTomatexVariedades. aFinding aiduhttp://10.13.5.2/tesis/sist112421.pdfzTeclea aquí